| 000 | 00618nam a2200205Ia 4500 | ||
|---|---|---|---|
| 003 | OSt | ||
| 005 | 20240415163621.0 | ||
| 008 | 210210b1993 xxu||||| |||| 00| 0 eng d | ||
| 040 | _cAL | ||
| 041 | _aKannada | ||
| 082 | _a651.7K NANA | ||
| 100 |
_aNANJUNDEGAUDA (J R). _dನಂಜುಂಡೇಗೌಡ (ಜೆ ಆರ್) _9160399 |
||
| 245 |
_aAdalita kannada kaipidi. _bಆಡಳಿತ ಕನ್ನಡ ಕೈಪಿಡಿ |
||
| 260 |
_aMaisuru, _bShakti Prakashana, _c1993 |
||
| 300 | _a158 | ||
| 650 |
_aAdalita Kannada _9160400 |
||
| 690 |
_aBusiness Communication _9160401 |
||
| 906 | _a048545 | ||
| 942 |
_2ddc _cBK |
||
| 999 |
_c97275 _d97275 |
||